Представление документа в формате RUSMARC

ПолеНазваниеЗначение
  Тип записи a
  Библиографический уровень a
001 Контрольный номер RU/CBS_Ul/BASE/466182339
005 Дата корректировки 20240209175143.3
100 Данные общей обработки __
a Данные общей обработки 20141009d2014 ||| 0rusy0189 ca
101 Язык документа 0_
a Язык текста rus
102 Страна публикации __
a Страна публикации RU
105 Кодированные данные (монография) __
a Кодированные данные (монография) y###||||000|y
200 Заглавие и сведения об ответственности 1_
a Заглавие Вторая Отечественная: сто лет со дня начала
b Общее обозначение материала Текст
e Сведения, относящиеся к заглавию [история Первой мировой войны]
f Первые сведения об ответственности Кузьма Андреев
300 Общие примечания __
a Общие примечания Ограничения по возрасту - 12+
461 Уровень набора _0
1 2000
a Бумеранг
463 Уровень физической единицы _0
1 001RU/CBS_Ul/BASE/466181407
1 2000
a №8
v С. 35
1 210
d 2014
610 Ключевые слова 0_
a Ключевые слова Первая мировая война история начало
686 Индексы других классификаций __
a Классификационный индекс 63.3(0)53
2 Код системы ББК
700 Автор _1
a Фамилия Андреев
b Имя (инициалы) Кузьма
g Полное личное имя К.
801 Источник записи _0
a Страна RU
b Организация МБУК ЦБС г. Ульяновска
c Дата составления 20141009
g Правила каталогизации RCR
801 Источник записи _1
a Страна RU
b Организация МБУК ЦБС г. Ульяновска
c Дата составления 20141009
g Правила каталогизации RCR
901 Тип документа __
t Тип документа b
w Контрольный № источника RU/CBS_Ul/BASE/466181407
910 Корректоры записи __
a Корректор записи Библиотека 29
938 Служебная информация __
a Имя БД period